000 01323nam a2200361 a 4500
001 000111440
003 CHAP
005 20220329144211.0
008 150413s2015 mx a fsm |||||||spa d
010 _a107902
011 _a108874
040 _cCHAP
090 _aTesis
100 1 _aBonilla López, Armando
_9129311
245 1 3 _aLa milpa de ladera en Cuetzalan Puebla, un Sistema Importante del Patrimonio Agrícola Mundial (SIPAM)
_h[En línea]
_cpor Armando Bonilla López.
260 _aChapingo, Méx. :
_bEl autor,
_c2015.
500 _aPara ver el contenido del material haga clic en la liga
502 _aTesis (M. C. en Desarrollo rural Regional) -- UACH. Dirección de Centros Regionales Universitarios
504 _aIncluye bibliografía
590 _aBATCH
_b00
_c20181121
_lUCH01
_h0759
590 _aE5995AHE
_b05
_c20150413
_lUCH01
_h0939
590 _aE5995AHE
_b05
_c20150413
_lUCH01
_h0939
590 _aE5995AHE
_b05
_c20150413
_lUCH01
_h1014
650 1 4 _aCooperativismo
_zPuebla.
_9129312
650 1 4 _aDesarrollo sustentable
_zPuebla.
_9125861
650 1 4 _aSeguridad alimentaria.
_9103673
650 1 4 _aSistemas de cultivo.
_9106746
856 _a1
_n0000997
856 _aFinding aid
_uhttp://10.13.5.2/tesis/sist111440.pdf
_zTeclea aquí
901 _aBK
942 _cTESIS
942 _n0
999 _c107902
_d107902